Countries with the Lowest Poverty Rates - Statistics

General Stats
  • This quiz has been taken 127 times
  • The average score is 8 of 11
Answer Stats
Rank Answer % Correct
=10 Sweden
96%
5 Norway
95%
2 Denmark
91%
4 Finland
91%
1 Iceland
85%
=10 Switzerland
85%
=6 Netherlands
77%
=6 France
55%
3 Czech Republic
36%
8 Slovakia
35%
9 Slovenia
33%
No matching quizzes found
Score Distribution
Percent of People with Each Score
Percentile by Number Answered
Your Score History
You have not taken this quiz